[Event "Olomouc Chess Summer 2023 - B1"]
[Site "Olomouc (CZE), Hotel Flora"]
[Date "2023.08.13"]
[Round "3"]
[Board "1"]
[White "Ashwath, R."]
[Black "Michalek, Jan"]
[Result "1-0"]
[WhiteElo "2297"]
[BlackElo "2267"]
[PlyCount "0"]
[EventDate "2023.08.12"]
[EventRounds "9"]
[EventCountry "CZE"]

1. Nf3 g6 2. c4 Bg7 3. Nc3 e5 4. d4 exd4 5. Bg5 Nf6 6. Qxd4 h6 7. Qe3+ Kf8 8. Bf4
d6 9. Rd1 Nbd7 10. h3 b6 11. g4 Bb7 12. Bg2 Qe8 13. Nb5 Qxe3 14. fxe3 Ne8 15. Nxc7
Nxc7 16. Bxd6+ Ke8 17. Bxc7 Bxb2 18. O-O Rc8 19. Bh2 Rh7 20. Nd2 Bxg2 21. Kxg2 Nc5
22. Bd6 Nb7 23. Bb4 Be5 24. Nf3 Bb8 25. Rd4 f5 26. gxf5 gxf5 27. Nh4 Be5 28. Rd5
Bf6 29. Rfxf5 Rxc4 30. Rxf6 Rxb4 31. Ng6  1-0

[Event "Olomouc Chess Summer 2023 - B1"]
[Site "Olomouc (CZE), Hotel Flora"]
[Date "2023.08.13"]
[Round "3"]
[Board "2"]
[White "Plischki, Sebastian"]
[Black "Juhanak, Daniel"]
[Result "1-0"]
[WhiteElo "2319"]
[BlackElo "1976"]
[PlyCount "0"]
[EventDate "2023.08.12"]
[EventRounds "9"]
[EventCountry "CZE"]

1. Nf3 d5 2. g3 Nf6 3. Bg2 c5 4. O-O g6 5. d4 cxd4 6. Nxd4 Bg7 7. Nc3 e5 8. Nb3 d4
9. Na4 O-O 10. c3 dxc3 11. Nxc3 Qe7 12. Bg5 Nbd7 13. Nd5 Qd8 14. Qd2 Nb6 15. Nxf6+
Bxf6 16. Qxd8 Bxd8 17. Bh6 Re8 18. Nc5 Rb8 19. Rac1 Nd7 20. Ne4 Be7 21. Rfd1 Nf6
22. Rc7 Bf5 23. Rxe7 Bxe4 24. Rxe8+ Rxe8 25. Bxe4 Nxe4 26. Rd7 Rb8 27. Re7 Nf6 28.
h3 e4 29. Kg2 a6 30. Bg5 Kg7 31. Bd2 Nd5 32. Rxe4 f5 33. Rd4 Rd8 34. f3 Kf6 35. Kf2
Ke6 36. e4 fxe4 37. fxe4 Rf8+ 38. Ke2 Ne7 39. Bb4 Nc6 40. Rd6+ Kf7 41. Rxc6 bxc6
42. Bxf8 Kxf8 43. Ke3 Ke7 44. Kd4 Kd6 45. b4 h6 46. a4 h5 47. h4 Ke6 48. Kc5 Ke5
49. Kxc6 Kxe4 50. b5 axb5 51. axb5 Kf3 52. b6 Kxg3 53. b7 Kxh4 54. b8=Q g5 55. Kd5
Kh3 56. Ke4 g4 57. Qb3+ g3 58. Kf3 h4 59. Qb2  1-0

[Event "Olomouc Chess Summer 2023 - B1"]
[Site "Olomouc (CZE), Hotel Flora"]
[Date "2023.08.13"]
[Round "3"]
[Board "3"]
[White "Stigar, Petter"]
[Black "Kucharska, Honorata"]
[Result "1/2-1/2"]
[WhiteElo "2213"]
[BlackElo "2204"]
[PlyCount "0"]
[EventDate "2023.08.12"]
[EventRounds "9"]
[EventCountry "CZE"]

1. Nf3 d5 2. d4 Nf6 3. c4 e6 4. Nc3 Bb4 5. Qa4+ Nc6 6. e3 O-O 7. Bd2 dxc4 8. Bxc4
Bd6 9. Qc2 a6 10. h3 Qe7 11. a3 e5 12. d5 Nb8 13. e4 Ne8 14. Bg5 f6 15. Be3 g6 16.
Be2 Ng7 17. g4 Nd7 18. Nd2 b6 19. h4 Rf7 20. h5 g5 21. Nf1 h6 22. Ng3 Bb7 23. O-O
Rff8 24. Rfd1 Rfc8 25. Qb3 Kh8 26. Rd2 Rd8 27. Rad1 Rdc8 28. f3 Rd8 29. Bf2 Rdc8
30. Rc1 Rd8 31. Nd1 Nc5 32. Qc2 a5 33. Ne3 a4 34. Nef5 Nxf5 35. Nxf5 Qf8 36. Bc4
Bc8 37. Ng3  1/2-1/2

[Event "Olomouc Chess Summer 2023 - B1"]
[Site "Olomouc (CZE), Hotel Flora"]
[Date "2023.08.13"]
[Round "3"]
[Board "4"]
[White "Biolek, Richard"]
[Black "Degenhard, Simon"]
[Result "1-0"]
[WhiteElo "2373"]
[BlackElo "2242"]
[PlyCount "0"]
[EventDate "2023.08.12"]
[EventRounds "9"]
[EventCountry "CZE"]

1. c4 e5 2. g3 d6 3. Bg2 g6 4. Nc3 Bg7 5. e3 f5 6. Nge2 Nf6 7. d3 O-O 8. O-O c6 9.
b4 Be6 10. b5 Qd7 11. Ba3 Rd8 12. bxc6 bxc6 13. Qa4 d5 14. cxd5 cxd5 15. d4 e4 16.
Rfc1 Bf8 17. Bxf8 Kxf8 18. Bf1 g5 19. Nb5 Ne8 20. Nec3 Nc6 21. Na3 Nd6 22. Ncb5 Rdc8
23. Nxd6 Qxd6 24. Ba6 f4 25. Bxc8 Rxc8 26. Nb5 Qd7 27. Qa3+ Kg7 28. Qd6  1-0

[Event "Olomouc Chess Summer 2023 - B1"]
[Site "Olomouc (CZE), Hotel Flora"]
[Date "2023.08.13"]
[Round "3"]
[Board "5"]
[White "Kwon, Sehyun"]
[Black "Bokhnak, Timofey"]
[Result "1-0"]
[WhiteElo "2274"]
[BlackElo "2197"]
[PlyCount "0"]
[EventDate "2023.08.12"]
[EventRounds "9"]
[EventCountry "CZE"]

1. d4 d5 2. Nf3 Nf6 3. g3 c5 4. Bg2 cxd4 5. O-O Nc6 6. Nxd4 e5 7. Nxc6 bxc6 8. c4
Be6 9. Qa4 Qb6 10. Nc3 O-O-O 11. cxd5 cxd5 12. Bg5 Kb8 13. Rfd1 d4 14. Ne4 Be7 15.
b4 Bd5 16. Bxf6 gxf6 17. Rac1 Ka8 18. Nc5 Bxg2 19. Kxg2 Rc8 20. Na6 Rhd8 21. b5 Kb7
22. f3 Qe6 23. Rc6 Qd5 24. Rdc1 Bd6 25. Nb4 Qe6 26. Qa6+ Kb8  1-0

[Event "Olomouc Chess Summer 2023 - B1"]
[Site "Olomouc (CZE), Hotel Flora"]
[Date "2023.08.14"]
[Round "4"]
[Board "1"]
[White "Michalek, Jan"]
[Black "Bokhnak, Timofey"]
[Result "1-0"]
[WhiteElo "2267"]
[BlackElo "2197"]
[PlyCount "0"]
[EventDate "2023.08.12"]
[EventRounds "9"]
[EventCountry "CZE"]

1. Nf3 d5 2. g3 Nf6 3. Bg2 e6 4. O-O Be7 5. d3 O-O 6. Nbd2 Nbd7 7. b3 b6 8. Bb2 Bb7
9. c4 c5 10. e3 Qc7 11. Rc1 Rfd8 12. Qe2 a5 13. a4 Nb8 14. Nb1 dxc4 15. dxc4 Bc6
16. Ne5 Bxg2 17. Kxg2 Na6 18. Qf3 Bd6 19. Nd3 Rac8 20. Rcd1 Qe7 21. h4 Nb4 22. Nxb4
axb4 23. h5 h6 24. Bxf6 gxf6 25. g4 Kh7 26. Kh3 Rg8 27. Nd2 Rg7 28. Qe4+ Kh8 29.
Nf3 Rcg8 30. Rg1 Bb8 31. Qd3 f5 32. gxf5 Rxg1 33. Rxg1 Rxg1 34. Nxg1 Qg5 35. fxe6
f5 36. Qd1 Bc7 37. f4 Qg7 38. Kh2 Qg5 39. Nh3 Qf6 40. Qd7 Bd8 41. Kg2 Be7 42. Kf3
Kg7 43. Nf2 Qh4 44. Qe8 Qf6 45. Qf7+ Qxf7 46. exf7 Kxf7 47. e4 Ke6 48. Nd1 Bd8 49.
exf5+ Kxf5 50. Ne3+ Ke6 51. Ke4  1-0

[Event "Olomouc Chess Summer 2023 - B1"]
[Site "Olomouc (CZE), Hotel Flora"]
[Date "2023.08.14"]
[Round "4"]
[Board "2"]
[White "Degenhard, Simon"]
[Black "Kwon, Sehyun"]
[Result "0-1"]
[WhiteElo "2242"]
[BlackElo "2274"]
[PlyCount "0"]
[EventDate "2023.08.12"]
[EventRounds "9"]
[EventCountry "CZE"]

1. c4 e6 2. Nf3 d5 3. d4 Nf6 4. g3 Bb4+ 5. Bd2 Be7 6. Bg2 O-O 7. O-O c6 8. Qc2 Nbd7
9. Rd1 b6 10. Bf4 Ba6 11. cxd5 cxd5 12. Nc3 b5 13. a3 Rc8 14. Qb3 Qb6 15. Ne5 Nxe5
16. dxe5 Ng4 17. Rf1 g5 18. Bf3 Nxf2 19. Rxf2 gxf4 20. Kg2 Qe3 21. Qa2 fxg3 22. hxg3
Qxe5 23. Rh1 f5 24. Kf1 d4  0-1

[Event "Olomouc Chess Summer 2023 - B1"]
[Site "Olomouc (CZE), Hotel Flora"]
[Date "2023.08.14"]
[Round "4"]
[Board "3"]
[White "Kucharska, Honorata"]
[Black "Biolek, Richard"]
[Result "1/2-1/2"]
[WhiteElo "2204"]
[BlackElo "2373"]
[PlyCount "0"]
[EventDate "2023.08.12"]
[EventRounds "9"]
[EventCountry "CZE"]

1. e4 e6 2. d3 d5 3. Nd2 c5 4. Ngf3 Nc6 5. g3 g6 6. Bg2 Bg7 7. O-O Nge7 8. Qe2 Qc7
9. Re1 Bd7 10. Nf1 dxe4 11. Qxe4 O-O 12. c3 Nd5 13. Qe2 Rad8 14. Ne3 Nce7 15. Nxd5
Nxd5 16. Bg5 Rc8 17. Qd2 Rfe8 18. Bh6 Bh8 19. h4 Bc6 20. h5 Rcd8 21. Qe2 Ne7 22.
Bf4 Qb6 23. hxg6 hxg6 24. Bg5 Rd5 25. Bf4 Rdd8 26. Rad1 Bb5 27. Ne5 f6 28. Nc4 Bxc4
29. dxc4 e5 30. Be3 Qc7 31. Bd5+ Nxd5 32. cxd5 Qd6 33. Qc4 b6 34. b4 cxb4 35. cxb4
Rc8 36. Qb3 Bg7 37. b5 Bf8 38. Bc1 Kg7 39. Re3 Qb4 40. Qd3 Bd6 41. Re4 Qc3 42. Qxc3
Rxc3 43. Ra4 Re7 44. Bb2 Rc2 45. Ba3 Bxa3 46. Rxa3 Rd7 47. d6 Kf7 48. Rxa7 Rxa7 49.
d7 Ra8 50. d8=Q Rxd8 51. Rxd8 Rxa2 52. Rd6 Rb2 53. Rxb6 e4 54. Rb8 f5 55. b6 Kf6
56. b7 Kg5 57. Kg2 Rb1 58. Kh3 Rh1+ 59. Kg2 Rh7 60. Kf1 Kg4 61. Ke2 g5 62. Ke3 Rd7
63. Ke2 Rc7 64. Kd2 Rf7 65. Ke2 Rd7 66. Ke3 Rd3+ 67. Ke2 Rb3 68. Kd2 Rb6 69. Ke2
Rb1 70. Kd2 Rb6  1/2-1/2

[Event "Olomouc Chess Summer 2023 - B1"]
[Site "Olomouc (CZE), Hotel Flora"]
[Date "2023.08.14"]
[Round "4"]
[Board "4"]
[White "Juhanak, Daniel"]
[Black "Stigar, Petter"]
[Result "1/2-1/2"]
[WhiteElo "1976"]
[BlackElo "2213"]
[PlyCount "0"]
[EventDate "2023.08.12"]
[EventRounds "9"]
[EventCountry "CZE"]

1. c4 c5 2. Nf3 g6 3. e4 Bg7 4. d4 cxd4 5. Nxd4 Nc6 6. Be3 Qb6 7. Nb3 Qd8 8. Nd4
Nf6 9. Nc3 O-O 10. Be2 d6 11. O-O Bd7 12. h3 a6 13. Rc1 Rc8 14. Qd2 Nxd4 15. Bxd4
Bc6 16. Qe3 Nd7 17. Bxg7 Kxg7 18. Bg4 Qa5 19. Bxd7 Bxd7 20. Nd5 Rfe8 21. b4 Qd8 22.
a4 f6 23. a5 Be6 24. Nb6 Rc6 25. Rfd1 Qc7 26. Qd4 Bf7 27. Rc3 e6 28. Rdc1 Qe7 29.
Rf3 g5 30. Rd1 Bh5 31. g4 Bg6 32. Qe3 h5 33. Qe2 hxg4 34. hxg4 Rh8 35. Rdd3 Qc7 36.
Rh3 Rxh3 37. Rxh3 Rxb6 38. axb6 Qxb6 39. Rb3 Qd4 40. Re3 Kf7 41. Kg2 Ke7 42. f3 Bf7
43. c5 dxc5 44. bxc5 e5 45. Rd3 Qxc5 46. Qb2 b5 47. Qa3 Qxa3 48. Rxa3 Kd6 49. Rxa6+
Kc5 50. Rxf6 Bc4 51. Rf5 Kd4 52. Rxg5 b4 53. Rh5 b3 54. Rh1 Bd3 55. g5 b2 56. g6
b1=Q 57. Rxb1 Bxb1 58. g7 Ba2 59. Kg3  1/2-1/2

[Event "Olomouc Chess Summer 2023 - B1"]
[Site "Olomouc (CZE), Hotel Flora"]
[Date "2023.08.14"]
[Round "4"]
[Board "5"]
[White "Ashwath, R."]
[Black "Plischki, Sebastian"]
[Result "1/2-1/2"]
[WhiteElo "2297"]
[BlackElo "2319"]
[PlyCount "0"]
[EventDate "2023.08.12"]
[EventRounds "9"]
[EventCountry "CZE"]

1. Nf3 Nf6 2. c4 e6 3. g3 d5 4. Bg2 Bd6 5. O-O O-O 6. b3 dxc4 7. bxc4 e5 8. Nc3 Re8
9. d3 h6 10. Rb1 c6 11. Qc2 Na6 12. Rd1 Qe7 13. h3  1/2-1/2

[Event "Olomouc Chess Summer 2023 - B1"]
[Site "Olomouc (CZE), Hotel Flora"]
[Date "2023.08.15"]
[Round "5"]
[Board "1"]
[White "Plischki, Sebastian"]
[Black "Michalek, Jan"]
[Result "1/2-1/2"]
[WhiteElo "2319"]
[BlackElo "2267"]
[PlyCount "0"]
[EventDate "2023.08.12"]
[EventRounds "9"]
[EventCountry "CZE"]

1. d4 Nf6 2. c4 g6 3. g3 Bg7 4. Bg2 O-O 5. Nc3 d6 6. Nf3 Nc6 7. O-O e5 8. dxe5 dxe5
9. Bg5 h6 10. Qxd8 Rxd8 11. Bxf6 Bxf6 12. Nd5 Kg7  1/2-1/2

[Event "Olomouc Chess Summer 2023 - B1"]
[Site "Olomouc (CZE), Hotel Flora"]
[Date "2023.08.15"]
[Round "5"]
[Board "2"]
[White "Stigar, Petter"]
[Black "Ashwath, R."]
[Result "0-1"]
[WhiteElo "2213"]
[BlackElo "2297"]
[PlyCount "0"]
[EventDate "2023.08.12"]
[EventRounds "9"]
[EventCountry "CZE"]

1. Nf3 f5 2. g3 Nf6 3. Bg2 e6 4. O-O Be7 5. d4 d5 6. c4 Ne4 7. Nbd2 Nc6 8. e3 h5
9. Nxe4 dxe4 10. Ne5 Nxe5 11. dxe5 h4 12. Qxd8+ Bxd8 13. Rd1 c5 14. Bd2 Bd7 15. Bc3
Be7 16. f4 exf3 17. Bxf3 hxg3 18. hxg3 O-O-O 19. Ba5 b6 20. Be1 g5 21. Rd3 g4 22.
Bg2 Kc7 23. Rad1 Bg5 24. a3 Ba4 25. Rxd8 Bxe3+ 26. Bf2 Bxf2+ 27. Kxf2 Rxd8 28. Rxd8
Kxd8 29. Ke3 Kc7 30. Bf1 a6 31. Kf4 Bc6 32. Bd3 Bf3 33. Kg5 Kd7 34. Bf1 Ke7 35. Bd3
Bd1 36. Bf1 Bf3 37. Bd3 Bc6 38. Be2 b5 39. Bd3 bxc4 40. Bxc4 Bb5 41. Bb3 c4 42. Ba2
a5 43. Kf4 Kf7 44. Kg5 Kg7 45. a4 Ba6 46. Kh5 Kf8 47. Kg5 Kf7 48. Kf4 Kg6 49. Bb1
Bb7 50. Ba2 Bd5 51. Bb1 Bg2 52. Bc2 Bf3  0-1

[Event "Olomouc Chess Summer 2023 - B1"]
[Site "Olomouc (CZE), Hotel Flora"]
[Date "2023.08.15"]
[Round "5"]
[Board "3"]
[White "Biolek, Richard"]
[Black "Juhanak, Daniel"]
[Result "1-0"]
[WhiteElo "2373"]
[BlackElo "1976"]
[PlyCount "0"]
[EventDate "2023.08.12"]
[EventRounds "9"]
[EventCountry "CZE"]

1. e4 e6 2. d4 d5 3. e5 c5 4. c3 Nc6 5. Nf3 Qb6 6. Be2 cxd4 7. cxd4 Nh6 8. b3 Nf5
9. Bb2 Bb4+ 10. Kf1 O-O 11. g4 Nfe7 12. a3 Ba5 13. b4 Nxb4 14. axb4 Bxb4 15. Bc3
Nc6 16. Bxb4 Nxb4 17. Nc3 Bd7 18. Qd2 Rfc8 19. Kg2 a5 20. Rhb1 Qd8 21. Rc1 Qe8 22.
Na2 Nc6 23. Rab1 Rcb8 24. Rb6 Qd8 25. Rcb1 Qc7 26. Qc1 Be8 27. Qc5 Qc8 28. Bb5 f6
29. Bd3 Qd7 30. h3 Bg6 31. Bxg6 hxg6 32. Qb5 Qe8 33. Qd3 Qf7 34. Qe3 a4 35. exf6
gxf6 36. g5 Ra6 37. Rxa6 bxa6 38. Rxb8+ Nxb8 39. gxf6 Qxf6 40. Ne5 Kg7 41. Qa3  1-0

[Event "Olomouc Chess Summer 2023 - B1"]
[Site "Olomouc (CZE), Hotel Flora"]
[Date "2023.08.15"]
[Round "5"]
[Board "4"]
[White "Kwon, Sehyun"]
[Black "Kucharska, Honorata"]
[Result "1/2-1/2"]
[WhiteElo "2274"]
[BlackElo "2204"]
[PlyCount "0"]
[EventDate "2023.08.12"]
[EventRounds "9"]
[EventCountry "CZE"]

1. e4 e5 2. Nf3 Nf6 3. d4 Nxe4 4. Bd3 d5 5. Nxe5 Nd7 6. Nc3 Nxe5 7. dxe5 Nxc3 8.
bxc3 Bc5 9. O-O Be6 10. Qh5 g6 11. Qh6 Qd7 12. Be3 Bxe3 13. Qxe3 O-O 14. Rab1 b6
15. Rb4 f6 16. Rh4 Qg7 17. Re1 fxe5 18. Qxe5 Qxe5 19. Rxe5 Rae8 20. f3 Bf7 21. Rxe8
Rxe8 22. Kf2 c5 23. Bb5 Re7 24. Rf4 Be6 25. h4 h6 26. c4 g5 27. hxg5 hxg5 28. Rf6
Kg7 29. Rxe6 Rxe6 30. cxd5 Rh6 31. Ke3 Kf6 32. d6 Ke5 33. d7 Rd6 34. g3 c4 35. f4+
gxf4+ 36. gxf4+ Kf6 37. Ke4 c3 38. f5 a6 39. Bxa6 Rxd7 40. Bc4 Rd8 41. Bd3 Ra8 42.
Kd4 Rxa2 43. Kxc3 Ra4 44. Kb3 Rf4 45. Kc3 Ke5 46. Kb3 Kd5 47. Kc3 Kc5 48. Kb3 b5
 1/2-1/2

[Event "Olomouc Chess Summer 2023 - B1"]
[Site "Olomouc (CZE), Hotel Flora"]
[Date "2023.08.15"]
[Round "5"]
[Board "5"]
[White "Bokhnak, Timofey"]
[Black "Degenhard, Simon"]
[Result "1-0"]
[WhiteElo "2197"]
[BlackElo "2242"]
[PlyCount "0"]
[EventDate "2023.08.12"]
[EventRounds "9"]
[EventCountry "CZE"]

1. e4 c5 2. Nf3 d6 3. Bb5+ Nd7 4. O-O a6 5. Bxd7+ Bxd7 6. c3 g6 7. d4 cxd4 8. cxd4
Bg7 9. Nc3 Nf6 10. e5 dxe5 11. dxe5 Ng4 12. Qe2 Bc6 13. e6 f6 14. Rd1 Qc7 15. Nd5
Bxd5 16. Rxd5 O-O 17. Rd7 Qb6 18. h3 Ne5 19. Nxe5 fxe5 20. Rxe7 Rae8 21. Be3 Qc6
22. Rd7 Rxe6 23. Qd1 Rf7 24. Rd8+ Re8 25. Rc1 Qe6 26. Rd6 Qxa2 27. b3 e4 28. Qd5
Qb2 29. Rd7 Qf6 30. Rcc7 Ref8 31. Rxf7 Rxf7 32. Rc8+ Bf8 33. Bh6 Qxf2+ 34. Kh2 Kh8
35. Qxf7  1-0

[Event "Olomouc Chess Summer 2023 - B1"]
[Site "Olomouc (CZE), Hotel Flora"]
[Date "2023.08.16"]
[Round "6"]
[Board "1"]
[White "Michalek, Jan"]
[Black "Degenhard, Simon"]
[Result "1/2-1/2"]
[WhiteElo "2267"]
[BlackElo "2242"]
[PlyCount "0"]
[EventDate "2023.08.12"]
[EventRounds "9"]
[EventCountry "CZE"]

1. Nf3 d5 2. g3 c5 3. Bg2 g6 4. O-O Bg7 5. d3 Nc6 6. Nc3 Nf6 7. a3 O-O 8. Rb1 a5
9. a4 b6 10. Nb5 Bb7 11. c3 Na7 12. Na3 Re8 13. Re1 Rc8 14. Qc2 Ba6 15. Bf1 e5 16.
Bg5 h6 17. Bxf6 Qxf6 18. Nd2 Qd6 19. e4 Rcd8 20. Rbd1 h5 21. Qb3 Bb7 22. Bg2 Re6
23. h4 Bh6 24. Nf3 Qc7 25. Ng5 Bxg5 26. exd5 Red6 27. hxg5 Bxd5 28. Bxd5 Rxd5 29.
Nc4 Nc8 30. Re3 Kg7 31. Rde1 Rxd3 32. Rxd3 Rxd3 33. Qc2 Qd8 34. Qe2 Rd5 35. Qe4 Kg8
36. Nxe5 Rd1 37. Rxd1 Qxd1+ 38. Kg2 Ne7 39. Nc4 Qxa4 40. Qxe7 Qxc4 41. Qd8+ Kh7 42.
Qxb6  1/2-1/2

[Event "Olomouc Chess Summer 2023 - B1"]
[Site "Olomouc (CZE), Hotel Flora"]
[Date "2023.08.16"]
[Round "6"]
[Board "2"]
[White "Kucharska, Honorata"]
[Black "Bokhnak, Timofey"]
[Result "1/2-1/2"]
[WhiteElo "2204"]
[BlackElo "2197"]
[PlyCount "0"]
[EventDate "2023.08.12"]
[EventRounds "9"]
[EventCountry "CZE"]

1. d4 Nf6 2. c4 e6 3. Nc3 d5 4. cxd5 exd5 5. Bg5 Be7 6. e3 O-O 7. Bd3 c6 8. Nge2
a5 9. Qc2 h6 10. Bh4 Na6 11. a3 Re8 12. O-O Nc7 13. Rad1 Be6 14. f3 Rc8 15. Na4 Nd7
16. Bf2 b5 17. Nc5 Nxc5 18. dxc5 Bh4 19. Ng3 Qe7 20. Rfe1 a4 21. f4 Bg4 22. Rc1 Rcd8
23. h3 Bc8 24. Kh1 Qf8 25. f5 Qe7 26. Qe2 Qg5 27. Qf3 Re5 28. Rcd1 Rde8 29. Bc2 Bxg3
30. Qxg3 Bxf5 31. e4 Bxe4 32. Bxe4 dxe4 33. h4 Qxg3 34. Bxg3 Nd5 35. Bxe5 Rxe5 36.
Rd4 Nf6 37. Rc1 e3 38. Kg1 Ne4 39. Rd3 Nxc5 40. Rdc3 Nb3 41. Re1 e2 42. Rxc6 Nd4
43. Rc3 f5  1/2-1/2

[Event "Olomouc Chess Summer 2023 - B1"]
[Site "Olomouc (CZE), Hotel Flora"]
[Date "2023.08.16"]
[Round "6"]
[Board "3"]
[White "Juhanak, Daniel"]
[Black "Kwon, Sehyun"]
[Result "0-1"]
[WhiteElo "1976"]
[BlackElo "2274"]
[PlyCount "0"]
[EventDate "2023.08.12"]
[EventRounds "9"]
[EventCountry "CZE"]

1. e4 c6 2. d4 d5 3. Nd2 dxe4 4. Nxe4 Nf6 5. Nxf6+ exf6 6. c3 Bd6 7. Bd3 O-O 8. Ne2
Re8 9. O-O Nd7 10. Bf4 Nf8 11. Qd2 Ng6 12. Bxd6 Qxd6 13. Rae1 Be6 14. f4 Bxa2 15.
f5 Nf8 16. Qc2 Re3 17. Nc1 Rxe1 18. Rxe1 Bd5 19. c4 Be6 20. fxe6 Qxd4+ 21. Kh1 fxe6
22. Nb3 Qh4 23. Qe2 Rd8 24. Be4 f5 25. Bf3 Qe7 26. c5 Qh4 27. Qe3 Rd3 28. Qe5 Rxb3
29. Rd1 Qf2 30. h3 Rxf3 31. Rd8 Re3 32. Qd6 Re1+ 33. Kh2 Qg1+ 34. Kg3 Qe3+ 35. Kh2
Qe5+  0-1

[Event "Olomouc Chess Summer 2023 - B1"]
[Site "Olomouc (CZE), Hotel Flora"]
[Date "2023.08.16"]
[Round "6"]
[Board "4"]
[White "Ashwath, R."]
[Black "Biolek, Richard"]
[Result "1/2-1/2"]
[WhiteElo "2297"]
[BlackElo "2373"]
[PlyCount "0"]
[EventDate "2023.08.12"]
[EventRounds "9"]
[EventCountry "CZE"]

1. Nf3 Nf6 2. c4 c6 3. g3 d5 4. Bg2 g6 5. b3 Bg7 6. Bb2 O-O 7. O-O a5 8. d3 Re8 9.
Nbd2 Nbd7 10. Rc1 e5 11. cxd5 cxd5 12. e4 d4 13. Nc4 Bf8 14. a4 Nh5 15. Ba3 Bxa3
16. Nxa3 b6 17. Nc4 Ba6 18. Bh3 Bxc4 19. Bxd7 Bxb3 20. Qxb3 Qxd7 21. Nd2 Rab8 22.
Nc4  1/2-1/2

[Event "Olomouc Chess Summer 2023 - B1"]
[Site "Olomouc (CZE), Hotel Flora"]
[Date "2023.08.16"]
[Round "6"]
[Board "5"]
[White "Plischki, Sebastian"]
[Black "Stigar, Petter"]
[Result "1-0"]
[WhiteElo "2319"]
[BlackElo "2213"]
[PlyCount "0"]
[EventDate "2023.08.12"]
[EventRounds "9"]
[EventCountry "CZE"]

1. d4 d5 2. c4 e6 3. Nf3 Nf6 4. g3 dxc4 5. Bg2 c5 6. O-O Nc6 7. dxc5 Qxd1 8. Rxd1
Bxc5 9. Nbd2 c3 10. bxc3 O-O 11. Nb3 Be7 12. c4 Bd7 13. Bb2 Rfc8 14. Rac1 Be8 15.
Nfd4 Rc7 16. Nxc6 Bxc6 17. Be5 Rcc8 18. Bxc6 bxc6 19. Bxf6 Bxf6 20. Rd7 a5 21. Rc2
a4 22. Nc5 Kf8 23. Rcd2 Be7 24. Nd3 Ke8 25. Rb7 Ra5 26. Rdb2 a3 27. R2b3 Ra4 28.
Ne5 Ra6 29. Kg2 f6 30. Nd3 e5 31. f3 Ra4 32. c5 Ra5 33. Kf2 Kd8 34. Ke1 Rc7 35. Rb8+
Rc8 36. R3b7 Rxb8 37. Rxb8+ Kd7 38. Rb7+ Ke6 39. e4 Bxc5 40. Rxg7 Bd4 41. Rxh7 Rb5
42. Kd2 c5 43. Ra7 c4 44. Ra6+ Ke7 45. Ne1 Rb2+ 46. Nc2 Rxa2 47. Rxa3 Rb2 48. Ra4
Bg1 49. Rxc4 Bxh2 50. g4 Bf4+ 51. Kd3 Kf7 52. Rb4 Ra2 53. Rb3 Kg6 54. Nb4 Rd2+ 55.
Kc4  1-0

[Event "Olomouc Chess Summer 2023 - B1"]
[Site "Olomouc (CZE), Hotel Flora"]
[Date "2023.08.17"]
[Round "7"]
[Board "1"]
[White "Stigar, Petter"]
[Black "Michalek, Jan"]
[Result "1-0"]
[WhiteElo "2213"]
[BlackElo "2267"]
[PlyCount "0"]
[EventDate "2023.08.12"]
[EventRounds "9"]
[EventCountry "CZE"]

1. d4 Nf6 2. Nf3 d6 3. c4 g6 4. g3 Bg7 5. Bg2 O-O 6. O-O Nbd7 7. Nc3 e5 8. e4 exd4
9. Nxd4 Re8 10. h3 a6 11. Qc2 Rb8 12. Rd1 Nc5 13. b4 Ne6 14. Be3 Bd7 15. Nxe6 Rxe6
16. Rac1 Qe8 17. Re1 Rc8 18. f4 c5 19. bxc5 dxc5 20. Bf2 Bc6 21. e5 Nd7 22. Ne4 Qf8
23. Ng5 Re7 24. Rcd1 Bxg2 25. Kxg2 Qe8 26. Ne4 Rc6 27. Qd3 Qb8 28. g4 Qc8 29. Bh4
f6 30. exf6  1-0

[Event "Olomouc Chess Summer 2023 - B1"]
[Site "Olomouc (CZE), Hotel Flora"]
[Date "2023.08.17"]
[Round "7"]
[Board "2"]
[White "Biolek, Richard"]
[Black "Plischki, Sebastian"]
[Result "1/2-1/2"]
[WhiteElo "2373"]
[BlackElo "2319"]
[PlyCount "0"]
[EventDate "2023.08.12"]
[EventRounds "9"]
[EventCountry "CZE"]

1. e4 c5 2. Nf3 e6 3. d4 cxd4 4. Nxd4 Nc6 5. Nc3 Qc7 6. Nxc6 bxc6 7. Bd3 Nf6 8. O-O
Be7 9. Qe2 d5 10. b3 O-O 11. Bb2 a5 12. Na4 Rd8 13. f4 c5 14. e5 Ne4 15. c4 Bb7 16.
f5 Qc6 17. Rae1 Bh4 18. cxd5 exd5 19. Qg4 Bxe1 20. Rxe1 Kh8 21. e6 f6 22. Re3 c4
23. Bxe4 dxe4 24. Rh3 e3 25. Rxh7+  1/2-1/2

[Event "Olomouc Chess Summer 2023 - B1"]
[Site "Olomouc (CZE), Hotel Flora"]
[Date "2023.08.17"]
[Round "7"]
[Board "3"]
[White "Kwon, Sehyun"]
[Black "Ashwath, R."]
[Result "1/2-1/2"]
[WhiteElo "2274"]
[BlackElo "2297"]
[PlyCount "0"]
[EventDate "2023.08.12"]
[EventRounds "9"]
[EventCountry "CZE"]

1. d4 f5 2. Nf3 Nf6 3. g3 e6 4. Bg2 Be7 5. c4 d5 6. O-O Ne4 7. Ne5 Nd7 8. Bf4 g5
9. Be3 c6 10. Qc2 Nd6 11. c5 Nf7 12. Nxf7 Kxf7 13. f3 Bf6 14. Bf2 e5 15. e4 dxe4
16. fxe4 exd4 17. exf5 Ne5 18. Nd2 Kg7 19. Qb3  1/2-1/2

[Event "Olomouc Chess Summer 2023 - B1"]
[Site "Olomouc (CZE), Hotel Flora"]
[Date "2023.08.17"]
[Round "7"]
[Board "4"]
[White "Bokhnak, Timofey"]
[Black "Juhanak, Daniel"]
[Result "1/2-1/2"]
[WhiteElo "2197"]
[BlackElo "1976"]
[PlyCount "0"]
[EventDate "2023.08.12"]
[EventRounds "9"]
[EventCountry "CZE"]

1. e4 c5 2. Nf3 d6 3. Bb5+ Nd7 4. c4 e5 5. Nc3 Ne7 6. O-O Nc6 7. d3 g6 8. Ne1 Bg7
9. f4 exf4 10. Bxf4 Bd4+ 11. Kh1 Nde5 12. Nc2 O-O 13. Bh6 Qh4 14. Bxf8 Ng4 15. Bxd6
Nce5 16. h3 Qg3 17. Qxg4 Bxg4 18. Nxd4 cxd4 19. Nd5 Bxh3 20. gxh3 Qxh3+ 21. Kg1 Qg3+
22. Kh1 Qh3+ 23. Kg1 Qg3+  1/2-1/2

[Event "Olomouc Chess Summer 2023 - B1"]
[Site "Olomouc (CZE), Hotel Flora"]
[Date "2023.08.17"]
[Round "7"]
[Board "5"]
[White "Degenhard, Simon"]
[Black "Kucharska, Honorata"]
[Result "1/2-1/2"]
[WhiteElo "2242"]
[BlackElo "2204"]
[PlyCount "0"]
[EventDate "2023.08.12"]
[EventRounds "9"]
[EventCountry "CZE"]

1. e4 c6 2. d4 d5 3. Nd2 dxe4 4. Nxe4 Nf6 5. Nxf6+ exf6 6. Bc4 Bd6 7. Qe2+ Qe7 8.
Qxe7+ Kxe7 9. Ne2 Re8 10. Bf4 Bxf4 11. Nxf4 Kf8+ 12. Ne2 Bf5 13. Kd2 Nd7 14. Ng3
Be6 15. Bb3 Rad8 16. Rad1 Bxb3 17. axb3 g6 18. b4 f5 19. Rhe1 Re6 20. Re2 Nf6 21.
c3 Nd5 22. Nf1  1/2-1/2

[Event "Olomouc Chess Summer 2023 - B1"]
[Site "Olomouc (CZE), Hotel Flora"]
[Date "2023.08.18"]
[Round "8"]
[Board "2"]
[White "Juhanak, Daniel"]
[Black "Degenhard, Simon"]
[Result "1/2-1/2"]
[WhiteElo "1976"]
[BlackElo "2242"]
[PlyCount "0"]
[EventDate "2023.08.12"]
[EventRounds "9"]
[EventCountry "CZE"]

1. Nf3 Nf6 2. c4 g6 3. Nc3 Bg7 4. e4 d6 5. d4 O-O 6. g3 Nc6 7. h3 a6 8. Be3 Ne8 9.
Bg2 Rb8 10. O-O f5 11. Rc1 fxe4 12. Nxe4 Bf5 13. Nc3 Kh8 14. g4 Bd7 15. d5 Ne5 16.
Nxe5 Bxe5 17. Bd4 Bg7 18. Re1 c5 19. Bxg7+ Nxg7 20. Rc2 b5 21. b3 bxc4 22. bxc4 Rb4
23. Qd3 Rf4 24. Ne2 Rf7  1/2-1/2